Mir, vlajková loď ruské kosmonautiky

Bibliographic Details
Main Author: Přibyl, Tomáš, 1975- (Author)
Format: Article
Language:Slovak
Czech
PhysicalDescription:Fotogr. 3
ISSN:0323-049X
Subjects:

MARC

LEADER 00000nab a2200000 a 4500
001 vtls000647510
003 SK-MaSNL
005 20260304084918.0
008 250425c1997 xo 0 slo
015 |a SNBRB19rr/mm-uuuuu 
035 |a CL0647649 
035 |a urn:nbn:sk:snk-abhe0 
035 |a (urnnbn)urn:nbn:sk:snk:ar-a04w89 
035 |a (uuid)eaa4c4ec-de44-43d0-8f51-0c9ab3d7d63a 
040 |a SNKBUCL  |b slo  |c SNKBUCL  |e AACR2 
041 0 |a cze 
044 |a xo  |c SK 
080 |a 629.78(470)  |2 1981 
100 1 |a Přibyl, Tomáš,  |d 1975-  |4 aut  |9 233267 
245 1 0 |a Mir, vlajková loď ruské kosmonautiky  |c Tomáš Přibyl 
300 |b Fotogr. 3 
650 0 7 |a stanice orbitálne  |2 snkbucl  |9 1317291 
650 0 7 |a Mir (stanica orbitálna)  |2 snkbucl  |9 1375167 
655 7 |a články z novín a časopisov  |2 snkbucl  |9 267496 
773 0 |t Kozmos  |g Roč. 28, č. 5 (1997), s. 21-23  |x 0323-049X 
850 |a Slovenská národná knižnica 
852 |a Slovenská národná knižnica 
954 |a odborná, vedecká literatúra cudzojazyčná (svetová)  |2 lita 
958 |a article27 
958 |a CZ 
958 |a RK 
958 |a OND 
958 |a EUIPO 
999 |c 2805614  |d 2807544